书目信息 |
| 题名: |
传统文化的沉思
|
|
| 作者: | 龙文懋崔永东 | |
| 分册: | ||
| 出版信息: | 呼和浩特 内蒙古人民出版社 2001 |
|
| 页数: | 310 | |
| 开本: | 19cm | |
| 丛书名: | 中国博士丛书 | |
| 单 册: | ||
| 中图分类: | C95 | |
| 科图分类: | ||
| 主题词: | 社会科学 | |
| 电子资源: | ||
| ISBN: | 7-204-05535-7 | |
| 000 | 00607nam0 2200205 450 | |
| 001 | 0735257515 | |
| 005 | 20070904094737.51 | |
| 010 | @a7-204-05535-7 | |
| 100 | @a20070904d km y0chiy0120 ea | |
| 101 | 0 | @achi |
| 200 | 1 | @a传统文化的沉思@Achuan tong wen hua de chen si@f龙文懋崔永东@Flong wen mao cui yong dong |
| 210 | @a呼和浩特@c内蒙古人民出版社@d2001 | |
| 215 | @a310@c16.50@d19cm | |
| 225 | 2 | @a中国博士丛书 |
| 410 | 0 | @12001 @a中国博士丛书 |
| 606 | 0 | @a社会科学 |
| 690 | @aC95@v3 | |
| 701 | 0 | @a龙文懋崔永东@Along wen mao cui yong dong |
| 801 | 0 | @aCN@bPFT@c20070904 |
| 905 | @a213230@dC95@ea1@f1 | |
| 传统文化的沉思/龙文懋崔永东.-呼和浩特:内蒙古人民出版社,2001 |
| 310:16.50;19cm.-(中国博士丛书) |
| ISBN 7-204-05535-7: |
| ● |
| 相关链接 |
|
|
|
|
正题名:传统文化的沉思
索取号:C95/a1
 
预约/预借
| 序号 | 登录号 | 条形码 | 馆藏地/架位号 | 状态 | 备注 |
| 1 | 7501176 | 275011764 | 密集书库-史法系/ [索取号:C95/a1] | 在馆 |